01576namaa2200481uu 4500001001000000003000600010005001700016006001900033007001500052008004100067020001800108020001800126020001800144040001700162041000800179042000700187072001500194072001600209720002300225245004800248260002700296300002200323336002600345337002600371338003600397506005100433520007500484540006300559546001200622650003900634650002200673653007500695720002400770720002400794720002500818720002500843720002300868720002600891720002600917793001800943856011600961999001701077doab96182oapen20260305123953.0m o d cr|mn|---annan230120s2023 xx |||||o ||| 0|eng d a9780367404048 a9780429355950 a9781032371047 aoapencoapen0 aeng adc 7aJF2bicssc 7aJHB2bicssc1 aMica, Adriana4edt00aRoutledge International Handbook of Failure bTaylor & Francisc2023 a1 online resource atextbtxt2rdacontent acomputerbc2rdamedia aonline resourcebcr2rdacarrier0 aFree-to-readfUnrestricted online access2star afailure, critical failure studies, inequality, invisibility, genealogy aAll rights reserveduhttp://oapen.org/content/about-rights aEnglish 7aSociety & culture: general2bicssc 7aSociology2bicssc afailure, critical failure studies, inequality, invisibility, genealogy1 aHorolets, Anna4edt1 aHorolets, Anna4oth1 aKubicki, Paweł4edt1 aKubicki, Paweł4oth1 aMica, Adriana4oth1 aPawlak, Mikołaj4edt1 aPawlak, Mikołaj4oth0 aDOAB Library.40uhttps://directory.doabooks.org/handle/20.500.12854/9618270zFree-to-read: DOAB: description of the publication c93215d93215